000
002640000a22000970004500
100
1
_a
Hudson, Neil
245
1
0
_a
You will never know your future until you know where your past is
300
_a
Vol. 21, Núm 2 2003), Páginas 37-40
773
0
_t
Evangel
942
_c
ANA
999
_c
54354
_d
54354